Catálogo público

Asesoría técnicaa productores cunícolas de la DelegaciónTláhuac del D.F. (documento de titulación por la opción de Servicio Social Universitario) / (Record no. 168567)

MARC details
000 -CABECERA
campo de control de longitud fija 01058nam a2200313Ia 4500
001 - NÚMERO DE CONTROL
campo de control Z_5483
003 - IDENTIFICADOR DEL NÚMERO DE CONTROL
campo de control CHAP
008 - DATOS DE LONGITUD FIJA--INFORMACIÓN GENERAL
campo de control de longitud fija 220113s2007 xx 000 0 und d
010 ## - NÚMERO DE CONTROL DE LA BIBLIOTECA DEL CONGRESO
Número de control de LC 168567
040 ## - FUENTE DE LA CATALOGACIÓN
Centro/agencia transcriptor CHAP
090 ## - LOCALMENTE ASIGNADO TIPO-LC NÚMERO DE CLASIFICACIÓN (OCLC); NÚMERO DE CLASIFICACIÓN LOCAL (RLIN)
Número de clasificación (OCLC) (R) ; Numero de clasificación, CALL (RLIN) (NR) Tesis C 1995
100 ## - ENTRADA PRINCIPAL--NOMBRE DE PERSONA
Nombre de persona Cornejo Jiménez, Gerardo
9 (RLIN) 28022
245 ## - MENCIÓN DE TÍTULO
Título Asesoría técnicaa productores cunícolas de la DelegaciónTláhuac del D.F. (documento de titulación por la opción de Servicio Social Universitario) /
Mención de responsabilidad, etc. Gerardo Cornejo Jiménez y Mario Alberto Sánchez Díaz
260 ## - PUBLICACIÓN, DISTRIBUCIÓN, ETC.
Lugar de publicación, distribución, etc. Chapingo, Méx. :
Nombre del editor, distribuidor, etc. El autor,
Fecha de publicación, distribución, etc. 2007
300 ## - DESCRIPCIÓN FÍSICA
Extensión 83 h.
502 ## - NOTA DE TESIS
Nota de tesis Tesis (Ing. Agr. Esp. en Zootecnia) -- UACH. Departamento de Zootecnia
650 ## - PUNTO DE ACCESO ADICIONAL DE MATERIA--TÉRMINO DE MATERIA
Término de materia o nombre geográfico como elemento de entrada Ayuda técnica
Subdivisión general Cunicultura
9 (RLIN) 9037
650 ## - PUNTO DE ACCESO ADICIONAL DE MATERIA--TÉRMINO DE MATERIA
Término de materia o nombre geográfico como elemento de entrada Conejos
Subdivisión general Destete
9 (RLIN) 26359
650 ## - PUNTO DE ACCESO ADICIONAL DE MATERIA--TÉRMINO DE MATERIA
Término de materia o nombre geográfico como elemento de entrada Conejos
Subdivisión general Genética
9 (RLIN) 26367
650 ## - PUNTO DE ACCESO ADICIONAL DE MATERIA--TÉRMINO DE MATERIA
Término de materia o nombre geográfico como elemento de entrada Conejos
Subdivisión general Nutrición
9 (RLIN) 26372
650 ## - PUNTO DE ACCESO ADICIONAL DE MATERIA--TÉRMINO DE MATERIA
Término de materia o nombre geográfico como elemento de entrada Conejos
Subdivisión general Reproducción
9 (RLIN) 26378
700 ## - PUNTO DE ACCESO ADICIONAL--NOMBRE DE PERSONA
Nombre de persona Sánchez Díaz, Mario Alberto
9 (RLIN) 107472
901 ## - ELEMENTOS DE DATOS A LOCAL LDA (RLIN)
a TESIS C 1995
902 ## - ELEMENTOS DE DATOS B LOCAL, LDB (RLIN)
a M
910 ## - DATOS DE OPCIÓN DEL USUARIO (OCLC)
Datos de opción del usuario 2007
942 ## - ELEMENTOS DE PUNTO DE ACCESO ADICIONAL (KOHA)
Tipo de ítem Koha Tesis_
942 ## - ELEMENTOS DE PUNTO DE ACCESO ADICIONAL (KOHA)
Tipo de ítem Koha Tesis_
Holdings
Estado de retiro Estado de pérdida Estado dañado No para préstamo Localización permanente Ubicación/localización actual Ubicación en estantería Fecha de adquisición Información codificada de la localización en otra ubicación Total de préstamos Código de barras Fecha visto por última vez Número de copia Precio válido a partir de Tipo de ítem Koha Nota pública
        Zootecnia Zootecnia   13/03/2007 2   z_T 2315 18/01/2022 1 18/01/2022 Tesis_ 1
        Zootecnia Zootecnia   13/03/2007 2   z_T 2316 18/01/2022 2 18/01/2022 Tesis_ 3